[Event "Ostrava op"]
[Site "Ostrava"]
[Date "2010.05.02"]
[Round "2"]
[White "Papan, Cyril"]
[Black "Cubok, Miroslav"]
[Result "0-1"]
[WhiteElo "2100"]
[BlackElo "1660"]
[PlyCount "52"]
[EventDate "2010.05.01"]
[EventType "swiss"]
[EventRounds "9"]
[EventCountry "CZE"]
[SourceTitle "EXT 2011"]
[Source "ChessBase"]
[SourceDate "2010.11.26"]
[SourceVersion "1"]
[SourceVersionDate "2010.11.26"]
[SourceQuality "1"]

1. Nf3 d5 2. c4 d4 3. b4 e6 4. Qb3 a5 5. Bb2 axb4 6. Nxd4 Bd7 7. d3 Ba4 8. g3 Bxb3 9. Nxb3 Nf6 10. Bg2 c6 11. 0-0 Nbd7 12. d4 Be7 13. e4 h5 14. e5 Ng4 15. c5 h4 16. h3 Nh6 17. g4 0-0 18. N1d2 f5 19. f3 fxg4 20. fxg4 Rxf1+ 21. Bxf1 Bxc5 22. dxc5 Nxc5 23. Kg2 Qg5 24. Ne4 Qe3 25. Nexc5 Rf8 26. Bd4 Rf2+ 0-1

[Event "Ostrava op"]
[Site "Ostrava"]
[Date "2010.05.01"]
[Round "1"]
[White "Cubok, Miroslav"]
[Black "Miculka, Petr"]
[Result "0-1"]
[WhiteElo "1660"]
[BlackElo "1995"]
[PlyCount "71"]
[EventDate "2010.05.01"]
[EventType "swiss"]
[EventRounds "9"]
[EventCountry "CZE"]
[SourceTitle "EXT 2011"]
[Source "ChessBase"]
[SourceDate "2010.11.26"]
[SourceVersion "1"]
[SourceVersionDate "2010.11.26"]
[SourceQuality "1"]

1. Nf3 Nf6 2. b3 g6 3. Bb2 Bg7 4. e3 d6 5. Be2 e5 6. d3 c6 7. c4 0-0 8. Qc2 a5 9. 0-0 Na6 10. a3 Re8 11. Nc3 Bd7 12. Rad1 Rc8 13. Qb1 Qb6 14. Ba1 d5 15. Na4 Qc7 16. cxd5 Nxd5 17. Rc1 Qd6 18. Bb2 c5 19. Nc3 Bc6 20. Ne4 Qf8 21. Nfd2 f5 22. Nc3 b5 23. Nxd5 Bxd5 24. d4 Rb8 25. dxe5 Bxe5 26. Bxe5 Rxe5 27. Nf3 Re6 28. Rfd1 Rd6 29. Qb2 Qe7 30. h4 Nc7 31. Rxc5 Bxf3 32. Rxd6 Qxd6 33. b4 Bxe2 34. Qxe2 axb4 35. axb4 Ra8 36. g3 0-1

[Event "Ostrava SMP op"]
[Site "Ostrava"]
[Date "2006.05.07"]
[Round "9"]
[White "Badacova, Irena"]
[Black "Cubok, Miroslav"]
[Result "1-0"]
[WhiteElo "1801"]
[BlackElo "1657"]
[PlyCount "77"]
[EventDate "2006.04.29"]
[EventType "swiss"]
[EventRounds "9"]
[EventCountry "CZE"]
[SourceTitle "EXT 2008"]
[Source "ChessBase"]
[SourceDate "2007.11.25"]
[SourceVersion "1"]
[SourceVersionDate "2007.11.25"]
[SourceQuality "1"]

1. e4 e5 2. Nc3 c6 3. Bc4 Nf6 4. d3 Be7 5. Nf3 d6 6. 0-0 Bg4 7. Re1 0-0 8. a3 Nbd7 9. b4 h6 10. Re3 d5 11. exd5 cxd5 12. Nxd5 Nxd5 13. Bxd5 Bf6 14. Rb1 Qc7 15. Bb2 Bg5 16. Re1 Bf4 17. h3 Nf6 18. Bb3 Bh5 19. g3 Bxg3 20. fxg3 e4 21. Be5 Qb6+ 22. Bd4 Qc7 23. Kf2 Bxf3 24. Qd2 Nh5 25. Rg1 Qd7 26. dxe4 Bxe4 27. g4 Nf4 28. Rg3 Rae8 29. Re1 Nxh3+ 30. Rxh3 Qxg4 31. Rg3 Qf5+ 32. Kg1 g5 33. Rf1 Qg6 34. Bc5 Qh5 35. Qh2 Qxh2+ 36. Kxh2 Bc6 37. Bxf8 Re2+ 38. Kg1 Kxf8 39. Rxf7+ 1-0

[Event "Ostrava SMP op"]
[Site "Ostrava"]
[Date "2006.04.30"]
[Round "2"]
[White "Cubok, Miroslav"]
[Black "Sedlacek, Milan"]
[Result "1-0"]
[WhiteElo "1839"]
[BlackElo "1355"]
[PlyCount "55"]
[EventDate "2006.04.29"]
[EventType "swiss"]
[EventRounds "9"]
[EventCountry "CZE"]
[SourceTitle "EXT 2008"]
[Source "ChessBase"]
[SourceDate "2007.11.25"]
[SourceVersion "1"]
[SourceVersionDate "2007.11.25"]
[SourceQuality "1"]

1. Nf3 d5 2. d4 Bf5 3. b3 Nf6 4. e3 e6 5. Bb2 Be7 6. Nbd2 0-0 7. Be2 Nc6 8. a3 a5 9. 0-0 Bd6 10. c4 b6 11. Rc1 dxc4 12. Nxc4 Ne7 13. Nfe5 Bxe5 14. Nxe5 Ng6 15. Nc6 Qd5 16. f3 Qd7 17. e4 Ne7 18. Nxe7+ Qxe7 19. exf5 exf5 20. Re1 Nd5 21. Bc4 Ne3 22. Qd3 f4 23. d5 Rad8 24. Bd4 Qxa3 25. Bxe3 fxe3 26. Qxe3 Qc5 27. Qxc5 bxc5 28. Re7 1-0

[Event "Ostrava SME op-B"]
[Site "Ostrava"]
[Date "2005.04.30"]
[Round "1"]
[White "Cubok, Miroslav"]
[Black "Zidek, Vaclav"]
[Result "1-0"]
[WhiteElo "1650"]
[BlackElo "1940"]
[PlyCount "136"]
[EventDate "2005.04.30"]
[EventType "swiss"]
[EventRounds "9"]
[EventCountry "CZE"]
[SourceTitle "EXT 2007"]
[Source "ChessBase"]
[SourceDate "2006.11.23"]
[SourceVersion "1"]
[SourceVersionDate "2006.11.23"]
[SourceQuality "1"]

1. Nf3 Nf6 2. b3 g6 3. Bb2 Bg7 4. d4 0-0 5. e3 b6 6. Be2 Bb7 7. 0-0 c5 8. Nbd2 Qc7 9. dxc5 bxc5 10. c4 d6 11. Qc2 Nc6 12. a3 a5 13. Rad1 a4 14. bxa4 Qa5 15. Rb1 Rfb8 16. Bxf6 Bxf6 17. Bd1 Bc8 18. Rb5 Qa7 19. Ne4 Bg7 20. Nc3 Bxc3 21. Qxc3 Bd7 22. Bc2 Nd8 23. Rxb8 Rxb8 24. a5 Nc6 25. h4 Qxa5 26. Qd3 Ra8 27. h5 Qxa3 28. hxg6 hxg6 29. Qd4 Bf5 30. Qh4 Bxc2 31. Ng5 Kg7 32. Qh7+ Kf6 33. Qxf7+ Kxg5 34. Qf4+ Kh5 35. g4+ Kh4 36. g5+ Kh5 37. Kg2 Qa1 38. Qh2+ Kxg5 39. Qf4+ Kh5 40. Qf3+ Kh6 41. Rxa1 Rxa1 42. Qxc6 Bd3 43. Qe8 Ra7 44. Qf8+ Kh7 45. Qf7+ Kh6 46. Kg3 Bf5 47. f4 Rd7 48. Qg8 e5 49. Qh8+ Rh7 50. Qf8+ Rg7 51. Qxd6 exf4+ 52. Kxf4 Rf7 53. Qxc5 Bc8+ 54. Kg3 Bb7 55. e4 Kh7 56. Qe5 Kh6 57. c5 Rd7 58. Kh4 Rg7 59. Qe6 Rc7 60. Qe5 Rg7 61. Qd4 g5+ 62. Kg3 Kh7 63. e5 Rf7 64. Qd3+ Kg7 65. Qc3 Rc7 66. e6+ Kg6 67. c6 Bc8 68. Qd3+ Kf6 1-0